Socio economic impact assessment of women development programme in Rajasthan: (Record no. 20239)

MARC details
000 -LEADER
fixed length control field 00535nam a2200145Ia 4500
082 ## - DEWEY DECIMAL CLASSIFICATION NUMBER
Classification number RR 0267
100 ## - MAIN ENTRY--AUTHOR NAME
Personal name Rathi, Usha
245 #0 - TITLE STATEMENT
Title Socio economic impact assessment of women development programme in Rajasthan:
Sub Title special reference to Pali District of Rajasthan
260 ## - PUBLICATION, DISTRIBUTION, ETC. (IMPRINT)
Year of publication 2013
Name of publisher Indian Council of Social Science Research, New Delhi
300 ## - PHYSICAL DESCRIPTION
Number of Pages ix, 130p
504 ## - BIBLIOGRAPHY, ETC. NOTE
Bibliography, etc Includes Bibliography
650 ## - SUBJECT ADDED ENTRY--TOPICAL TERM
Topical Term Women development programme
Geographic subdivision India
-- Rajasthan
650 ## - SUBJECT ADDED ENTRY--TOPICAL TERM
Topical Term Socio economic development
Geographic subdivision India
-- Rajasthan
942 ## - ADDED ENTRY ELEMENTS (KOHA)
Koha item type Research Reports
Source of classification or shelving scheme Dewey Decimal Classification
Holdings
Withdrawn status Lost status Damaged status Not for loan Home library Current library Date acquired Source of acquisition Full call number Accession Number Price effective from Koha item type
        NASSDOC Library NASSDOC Library 22/09/2017 Gifted by : RP Division, ICSSR RR 0267 49321 18/04/2019 Research Reports